Đường lên đỉnh Olympia Hóa học lý thú

Gardado en:
Detalles Bibliográficos
Autor Principal: Đường lên đỉnh Olympia
Formato: Libro
Idioma:Undetermined
Publicado: Hà Nội VHTT 2002
Những chủ đề:
Các nhãn: Engadir etiqueta
Sen Etiquetas, Sexa o primeiro en etiquetar este rexistro!
Thư viện lưu trữ: Trung tâm Học liệu Trường Đại học Cần Thơ
LEADER 00619nam a2200181Ia 4500
001 CTU_47107
008 210402s9999 xx 000 0 und d
082 |a 540 
082 |b H401 
100 |a Đường lên đỉnh Olympia 
245 0 |a Đường lên đỉnh Olympia 
245 0 |b Hóa học lý thú 
245 0 |c Đường lên đỉnh Olympia; Dịch giả: Thế Trường, Phan Tất Đắc, Phan Văn Trường 
260 |a Hà Nội 
260 |b VHTT 
260 |c 2002 
650 |a chemistry - study and teaching 
980 |a Trung tâm Học liệu Trường Đại học Cần Thơ